000 00777pam a2200265 a 4500
008
020 _a047183050X(hbk.)
049 _aMAIN
090 _aQD504
_bSAN
100 1 _aSandler, Stanley I.
245 1 0 _aChemical and engineering thermodynamics /
_cStanley I. Sandler.
250 _a2nd ed.
260 _aNew York :
_bWiley,
_cc1989.
300 _axxiii, 622 p. :
_bill. ;
_c26 cm.
490 _aWiley series in chemical engineering.
500 _aIncludesindex..
504 _aIncludes bibliographical references.
650 0 _aThermodynamics.
650 0 _aChemical engineering.
907 _a.b10307874
_b19-07-12
_c15-02-12
003
005 20230123125406.0
040 _cNUST
942 _cBOOKS
_kQD504
_mSAN
999 _c140726
_d140726